000 00755nam a2200229Ii 4500
003 JO-AjNU
008 230605s9999||||xx |||||||||||||| ||und||
017 _a2006/12/3412
020 _a9957-33-106-X
040 _aJO-AjNU
_bara
_erda
_cJO-AjNU
041 _aara
050 1 4 _aHF5549 .U53 2007
100 3 _aالعكيلي،طارق عبد الحسين,
_eauthor
_928077
245 0 0 _aاقتصاديات الموارد البشرية
250 _aط1
264 3 1 _aعمان: مؤسسة الوراق للنشر والتوزيع،2007
300 _a195ص
336 _atext
_btxt
_2rdacontent
337 _aunmediated
_bn
_2rdamedia
338 _avolume
_bnc
_2rdacarrier
650 4 _aالقوى العاملة-اقتصاديات العمل
_928078
999 _aA10845
_c14413
_d14413